Polarographic reduction and carcinogenic index tg α of 5-aza nucleosides possessing antileukemic activity

Bibliographic Details
Main Authors: Pískala, A. (Author), Vachálková, A. (Author), Novotný, L. (Author)
Format: Article
Language:English

MARC

LEADER 00000nab a2200000ua 4500
001 vtls010831537
003 SK-MaSNL
005 20260303144340.0
008 230222s1993 xo |||||||||||||||||eng|
035 |a (urnnbn)urn:nbn:sk:snk:ar-a06jce 
035 |a urn:nbn:sk:snk-ab5wef 
035 |a (uuid)ba3c2bed-bec2-48e1-9fc4-af86a32dea95 
040 |a SNKBUCL  |b slo  |c SNKBUCL  |e AACR2 
041 0 |a eng 
044 |a xo  |c SK 
100 1 |a Pískala, A.  |4 aut  |9 1118169 
245 1 0 |a Polarographic reduction and carcinogenic index tg α of 5-aza nucleosides possessing antileukemic activity  |c A. Pískala, A. Vachálková, L. Novotný 
700 1 |a Vachálková, A.  |4 aut  |9 827505 
700 1 |a Novotný, L.  |4 aut  |9 701524 
773 0 |t Neoplasma : journal of experimental and clinical oncology  |g Roč. 40, č. 5 (1993), s. 289-292 
958 |a OND 
958 |a EUIPO 
958 |a article5 
999 |c 1996608  |d 1998538